000 00717nam a2200229Ia 4500
001 3420
003 GE_BSU
008 181216s||||||||xx |||||||||||||| ||und||
040 _cGE_BSU
080 _a624.01/.07(075.8)
100 _aДаркова,А.В Клейн,Г.К. Кузнецов,В.И и др.
245 _aСтроительная механика.
245 _bУчебник для вузов.
245 _cПод ред. А.В. Даркова.
250 _aИзд. 7-е, перераб. и доп.
260 _aМ.
260 _bВысш. школа.
260 _c1976.
300 _a600 стр. с илл. 25 см.
653 _aСтроительная механика.
942 _cBK
999 _c37459
_d37459